| 000 | 00399nam a22001457a 4500 | ||
|---|---|---|---|
| 020 | _a81-7371-561-0 | ||
| 082 |
_a510 _bPOS/B |
||
| 100 | _aPOSAMENTIER, ALFRED S | ||
| 100 | _aLEHMANN INGMAR | ||
| 245 | _aA BIOGRAPHY OF THE WORLD'S MOST MYSTERIOUS NUMBER | ||
| 260 |
_aHYDERABAD _bUNIVERSITIES PRESS (INDIA) PRIVATE LIMITED _c2006 |
||
| 300 | _a324 | ||
| 650 |
_aMATHS REFERENCE _zINDIA |
||
| 942 | _cBK | ||
| 999 |
_c1288 _d1288 |
||